[Event "XLVIII TCh-POR"]
[Site "Evora POR"]
[Date "2006.07.30"]
[Round "9"]
[White "Rocha,S"]
[Black "Zawadzki,S"]
[Result "1-0"]
[WhiteElo "2401"]
[BlackElo "2397"]

1.d4 d5 2.c4 dxc4 3.Nf3 c6 4.e4 b5 5.g3 Bg4 6.Nbd2 Nd7 7.h3 Bh5 8.Bg2 e6
9.O-O Ngf6 10.a4 Bxf3 11.Qxf3 Bb4 12.e5 Nd5 13.Qg4 Kf8 14.Ne4 h6 15.f4 g6
16.Qf3 Qb6 17.Be3 Nxe3 18.Qxe3 Rd8 19.g4 c5 20.d5 exd5 21.Nd6 d4 22.Qf3 c3
23.axb5 Nb8 24.Qd5 Rh7 25.bxc3 Bxc3 26.Ra2 d3 27.Kh1 d2 28.Ra3 Bb4 29.Rd3 Qc7
30.f5 g5 31.f6 h5 32.Qe4 Rh8 33.Qf5 c4 34.Qxg5 Rh7 35.Qf5 Rh8 36.Qg5 Rh7
37.Be4 Bxd6 38.Bxh7 Qb7+ 39.Kg1 Qb6+ 40.Kg2 Ke8 41.Rxd6 Rxd6 42.Qg8+ Kd7
43.Bf5+ Kc7 44.Qc8+  1-0

[Event "Accentus Ladies"]
[Site "Biel SUI"]
[Date "2006.08.03"]
[Round "10"]
[White "Cramling,P"]
[Black "Atalik,E"]
[Result "1/2-1/2"]
[WhiteElo "2521"]
[BlackElo "2377"]

1.d4 d5 2.Nf3 Nf6 3.c4 c6 4.Qb3 dxc4 5.Qxc4 Bf5 6.g3 e6 7.Bg2 Nbd7 8.O-O Be7
9.e3 O-O 10.Rd1 Ne4 11.Nbd2 Rc8 12.Qe2 Bg6 13.Ne5 Nxe5 14.Nxe4 Nd7 15.Bd2 Qb6
16.b4 Bxe4 17.Bxe4 Nf6 18.Bg2 Rfd8 19.Rab1 a6 20.a4 Nd5 21.Qe1 Qc7 22.Rdc1 Qd7
23.Rc2 Nb6 24.Ra1 g6 25.Qb1 h5 26.Qb3 Nd5 27.Rac1 Nc7 28.h4 Bf6 29.Bh3 Ra8
30.Rd1 Qe7 31.f4 Bg7 32.Rcc1  1/2-1/2

[Event "FSGM August"]
[Site "Budapest HUN"]
[Date "2006.08.05"]
[Round "1"]
[White "Kosic,D"]
[Black "Braun,A"]
[Result "1/2-1/2"]
[WhiteElo "2506"]
[BlackElo "2526"]

1.d4 Nf6 2.Nf3 d5 3.c4 c6 4.Nbd2 Bf5 5.Nh4 Bg4 6.h3 Bh5 7.g4 Bg6 8.Nxg6 hxg6
9.Bg2 e6 10.Qb3 Qc7 11.g5 Nh5 12.e3 Nd7 13.Nf3 Nb6 14.cxd5 exd5 15.Bd2 Nc4
16.O-O-O a5 17.Ne5 Nxd2 18.Rxd2 Bd6 19.Rc2 O-O 20.f4 Qe7 21.h4 a4 22.Qd3 a3
23.b3 Rac8 24.Bf3 Rfd8 25.Kb1 Bxe5 26.fxe5 c5 27.Rhc1 b6 28.Bg4 Rb8 29.e6 Ng3
30.dxc5 bxc5 31.Rxc5 Nf5 32.Bxf5 gxf5 33.exf7+ Qxf7 34.Rc7 Rd7 35.Rc8+ Rd8
36.R8c7 Rd7 37.Rxd7 Qxd7 38.Qd4 Re8 39.Rc5 Kh7 40.Rxd5 Qc6 41.Qd3 Rc8 42.Qxf5+ Kh8
43.Rd1 Qc3 44.Qf2 Qc6 45.Qd2 Qe4+ 46.Qd3 Qg2 47.Qd2 Qe4+ 48.Qd3 Qg2 49.Qd2 Qe4+
50.Qd3 Qg2 51.Qd2 Qe4+  1/2-1/2

[Event "Open"]
[Site "Olomouc CZE"]
[Date "2006.08.07"]
[Round "6"]
[White "Volodin,V"]
[Black "Zawadzki,S"]
[Result "0-1"]
[WhiteElo "2257"]
[BlackElo "2397"]

1.Nf3 d5 2.d4 c6 3.c4 dxc4 4.e3 b5 5.a4 e6 6.axb5 cxb5 7.b3 Bb4+ 8.Bd2 Bxd2+
9.Nbxd2 Nf6 10.bxc4 bxc4 11.Bxc4 O-O 12.O-O Nbd7 13.Ba6 Nd5 14.Nc4 Qc7 15.Nfd2 N7b6
16.Bxc8 Rfxc8 17.Na5 e5 18.Ndb3 Nc3 19.Qd2 exd4 20.Nxd4 Qd7 21.h3 Rab8 22.Qd3 Nba4
23.Qf5 Qxf5 24.Nxf5 Rc5 25.Nc6 Rb6 26.Ncd4 g6 27.Ng3 a5 28.Rfc1 Rb4 29.Ra3 Rbc4
30.Nb3 Rd5 31.Rxa4 Rxa4 32.Rxc3 Rd1+ 33.Kh2 Ra2 34.Rc8+ Kg7 35.Ne4 Rd7 36.Ra8 f5
37.Rxa5 Rxa5 38.Nxa5 fxe4 39.Nb3 Rf7 40.Kg1 Kf6 41.Nd2 Ke5 42.f3 exf3 43.gxf3 Ra7
44.Kf2 Ra2 45.Ke2 Kf5 46.Kd3 Ra1 47.Ne4 g5 48.Ke2 Ra2+ 49.Kf1 h6 50.Nf2 Kg6
51.Kg2 Re2 52.f4 Rxe3 53.fxg5 hxg5 54.Ng4 Ra3 55.Ne5+ Kf5 56.Ng4 Kf4 57.Nf2 Ra2
58.Kg1 Kf3 59.Nh1 Rb2  0-1

[Event "ch-Euro Senior"]
[Site "Davos SUI"]
[Date "2006.08.08"]
[Round "4"]
[White "Chernikov,O"]
[Black "Karl,H"]
[Result "1-0"]
[WhiteElo "2422"]
[BlackElo "2240"]

1.Nf3 d5 2.d4 c6 3.c4 Nf6 4.Qb3 dxc4 5.Qxc4 Qd5 6.e3 Qxc4 7.Bxc4 Bf5 8.Nc3 h6
9.Bd2 e6 10.Ke2 Nbd7 11.Rhd1 Bd6 12.Be1 O-O 13.Bd3 Bxd3+ 14.Kxd3 Rfd8 15.Ke2 Kf8
16.Nd2 e5 17.Nc4 Bc7 18.d5 Nb6 19.Nxb6 axb6 20.e4 b5 21.dxc6 bxc6 22.Rxd8+ Rxd8
23.f3 Bb6 24.a4 bxa4 25.Nxa4 Bd4 26.Rc1 c5 27.Nxc5 Bxb2 28.Rc4 Bd4 29.Nb3 Bg1
30.Bg3 Nd7 31.Rc1 Bb6 32.Bf2 Bxf2 33.Kxf2 Nb6 34.Rc6 Nd7 35.Nd2 Rb8 36.Nc4 Ra8
37.Ne3 Ke7 38.Nf5+ Ke8 39.Nxg7+ Kd8 40.Nf5 Ra2+ 41.Kg3  1-0

[Event "San Agustin Open"]
[Site "Aviles ESP"]
[Date "2006.08.10"]
[Round "6"]
[White "Montes Gutierrez,I"]
[Black "Mladenov,P"]
[Result "0-1"]
[WhiteElo "2143"]
[BlackElo "2229"]

1.d4 d5 2.c4 c6 3.Nf3 Nf6 4.Qc2 a6 5.g3 g6 6.cxd5 cxd5 7.Nc3 Bg7 8.Bg2 O-O
9.Bf4 Nc6 10.Rc1 Bf5 11.Qb3 b5 12.O-O Rc8 13.Rfd1 Na5 14.Qa3 Nc4 15.Qb4 Re8
16.Ne5 e6 17.Nxc4 Rxc4 18.Qb3 Qc8 19.h3 b4 20.g4 bxc3 21.gxf5 cxb2 22.Qxb2 exf5
23.e3 Ne4 24.Bf1 Nc3 25.Rd2 Ne2+  0-1

[Event "San Agustin Open"]
[Site "Aviles ESP"]
[Date "2006.08.12"]
[Round "8"]
[White "Brethes,F"]
[Black "Menendez Villar,J"]
[Result "1-0"]
[WhiteElo "2158"]
[BlackElo "2030"]

1.d4 d5 2.Nf3 c6 3.c4 dxc4 4.Nc3 b5 5.a4 Bd7 6.e4 e6 7.Ne5 Nf6 8.Qf3 Be7
9.Nxf7 Kxf7 10.e5 Na6 11.Be3 Nb4 12.Rc1 a6 13.g4 h6 14.Be2 Rf8 15.h4 Kg8
16.exf6 Bxf6 17.Qg3 Be7 18.g5 h5 19.Bxh5 Nd3+ 20.Kd2 Nxc1 21.Kxc1 Be8 22.Bxe8 Qxe8
23.g6 Rf6 24.Rg1 Qb8 25.Qg4 Rf5 26.Qe4 Qd6 27.Ne2 Qd5 28.Qg4 Qf3 29.Nf4 Qxg4
30.Rxg4 e5 31.Ne6 exd4 32.Nxd4 Rf6 33.h5 Bc5 34.Re4 Rd8 35.Kc2 Bxd4 36.Bxd4 Rf5
37.Bb6 Rc8 38.Re7 c5 39.Bc7 Rxf2+ 40.Kb1 Rf5 41.Be5 Kf8 42.Rxg7 Rxe5 43.Rf7+ Ke8
44.h6 Rh5 45.h7 Rh6 46.Rg7 Rc6 47.Rg8+ Ke7 48.g7 Rh1+ 49.Kc2 Rf6 50.Re8+ Kxe8
51.h8=Q+ Rxh8 52.gxh8=Q+ Ke7 53.Qg7+ Ke6 54.Qc7 Rf2+ 55.Kb1 Kd5 56.Qd7+ Ke4
57.Qe6+  1-0

[Event "107th Annual US Open"]
[Site "Chicago USA"]
[Date "2006.08.12"]
[Round "8"]
[White "Lu Yu Zhong"]
[Black "Almeida Saenz,A"]
[Result "0-1"]
[WhiteElo "2097"]
[BlackElo "2400"]

1.d4 d5 2.c4 c6 3.Nf3 Nf6 4.g3 Bf5 5.Bg2 h6 6.O-O e6 7.Nc3 Nbd7 8.Qb3 Qb6
9.Qxb6 axb6 10.cxd5 exd5 11.h3 Bb4 12.Bd2 O-O 13.a3 Bd6 14.Bf4 Bxf4 15.gxf4 b5
16.Ne5 Nb6 17.e3 Rfd8 18.Kh2 Ne8 19.Rfc1 Nd6 20.b3 Ra7 21.Ra2 Rda8 22.Rca1 f6
23.Nf3 Be6 24.Ne1 Ne4 25.Nd1 Bf5 26.Bf1 Kf7 27.Bd3 g5 28.f3 Nd6 29.Kg3 Re8
30.fxg5 hxg5 31.Bxf5 Nxf5+ 32.Kf2 Rh8 33.Kg2 Raa8 34.Re2 Rae8 35.Nc2 Nc8
36.e4 Ncd6 37.Nc3 Nh4+ 38.Kg3 Nxf3 39.exd5 Rxe2 40.Nxe2 Nd2 41.dxc6 Nxb3
42.Rb1 Nd2 43.Rc1 Nf5+ 44.Kh2 bxc6 45.Nb4 g4 46.Nf4 Nxd4 47.Nxc6 Ne6 48.Nxe6 Kxe6
49.Nd4+ Ke5 50.Nxb5 Rxh3+ 51.Kg2 Ne4 52.a4 f5 53.Rc8 Rb3 54.Re8+ Kf4 55.Rf8 Rb2+
56.Kg1 Ng3 57.Rb8 Ne2+ 58.Kf1 Nd4 59.Rb7 g3 60.Rg7 Nf3 61.Nc3 Rf2+  0-1

[Event "FSIMA August"]
[Site "Budapest HUN"]
[Date "2006.08.15"]
[Round "11"]
[White "Toth,Li"]
[Black "To Nhat Minh"]
[Result "0-1"]
[WhiteElo "2217"]
[BlackElo "2234"]

1.d4 d5 2.c4 c6 3.Qc2 Nf6 4.Nf3 dxc4 5.Qxc4 Bf5 6.Nc3 e6 7.g3 Be7 8.Bg2 Nbd7
9.O-O O-O 10.e3 Ne4 11.Qe2 Nxc3 12.bxc3 Be4 13.Nd2 Bxg2 14.Kxg2 Nf6 15.e4 c5
16.Bb2 cxd4 17.cxd4 Rc8 18.Nb3 Qd7 19.Rfd1 Qa4 20.Rd3 Rc4 21.Rc3 Rxc3 22.Bxc3 Qc6
23.Be1 Nxe4 24.Qf3 Qd5 25.Rc1 Bd6 26.Nd2 Nxd2 27.Qxd5 exd5 28.Bxd2 Rd8 29.Kf3 f6
30.Bf4 Bxf4 31.Kxf4 Rd7 32.Rc5 Kf7 33.g4 Ke6 34.h4 Kd6 35.Rc8 Rc7 36.Rd8+ Kc6
37.Rf8 Kb5 38.h5 h6 39.Re8 Kc4 40.Kf5 Kxd4 41.Re1 Kd3 42.Rd1+ Ke2 43.Rxd5 Kxf2
44.a4 b6 45.Rd4 Ke3 46.Re4+ Kd3 47.Rf4 Rc5+ 48.Ke6 Rg5 49.Rb4 Ke3 50.Kd6 a5
51.Rxb6 Rxg4 52.Rb3+ Kd2 53.Ke6 Ke2 54.Rb5 Rxa4 55.Kf7 Rg4 56.Rxa5 Kf3 57.Ra3+ Kf4
58.Ra8 Rg5 59.Ra4+ Kg3 60.Rb4 f5 61.Rb5 Kg4  0-1

[Event "Open"]
[Site "Predeal ROM"]
[Date "2006.08.15"]
[Round "5"]
[White "Jianu,V"]
[Black "Cocian,I"]
[Result "1-0"]
[WhiteElo "2491"]
[BlackElo "1992"]

1.d4 d5 2.c4 c6 3.Nf3 Nf6 4.Qc2 g6 5.Nc3 Bg7 6.Bf4 O-O 7.e3 Nbd7 8.h3 Qa5
9.Bd3 dxc4 10.Bxc4 Nb6 11.Bb3 Bf5 12.Qd2 Nbd5 13.Bh2 Nxc3 14.Qxc3 Qxc3+ 15.bxc3 Ne4
16.Rc1 c5 17.g4 Be6 18.Bxe6 fxe6 19.Bf4 Rac8 20.Ke2 cxd4 21.cxd4 Nc3+ 22.Kd3 Nxa2
23.Rxc8 Rxc8 24.Rb1 a5 25.Rxb7 Nb4+ 26.Ke4 Nd5 27.Rb8 Rxb8 28.Bxb8 a4 29.Kd3 a3
30.Kc2 Nb4+ 31.Kb1 e5 32.Bxe5 Bxe5 33.Nxe5 g5 34.d5 Nxd5 35.Ka2 Nc3+ 36.Kxa3 Ne4
37.Nd3 Nd2 38.Kb2 Kf7 39.Kc2 Nf3 40.Kd1 Kf6 41.Ke2 Ng1+ 42.Kf1 Nf3 43.Ke2 Ng1+
44.Kf1 Nf3 45.Ne1 Nd2+ 46.Ke2 Nc4 47.Kd3 Nd6 48.Kd4 Nb5+ 49.Kc4 Nd6+ 50.Kd5 Nb5
51.Nd3 e6+ 52.Kc4 Nd6+ 53.Kc5 Ne4+ 54.Kd4 Nd6 55.Nc5 Nf7 56.Ne4+ Ke7 57.f4 h6
58.f5 exf5 59.gxf5 h5 60.Kd5 g4 61.h4 Nh6 62.Ng3 Ng8 63.Ke5 Nf6 64.e4  1-0

[Event "Independence Cup A"]
[Site "Kyiv UKR"]
[Date "2006.08.16"]
[Round "4"]
[White "Baryshpolets,A"]
[Black "Kernazhitsky,L"]
[Result "1/2-1/2"]
[WhiteElo "2251"]
[BlackElo "2344"]

1.Nf3 d5 2.d4 Nf6 3.c4 c6 4.Qc2 dxc4 5.Qxc4 Bf5 6.g3 e6 7.Bg2 Nbd7 8.O-O Be7
9.Nc3 O-O 10.e3 b5 11.Qe2 b4 12.Na4 Qa5 13.b3 Qb5 14.Qd1 Rac8 15.Bb2 Rfd8
16.Re1 Ne4 17.Bf1 Qb7 18.Qe2 c5 19.Qa6 Qa8 20.Bg2 c4 21.bxc4 Rc6 22.Qa5 Qb7
23.Qb5 Qxb5 24.cxb5 Rc2 25.Rac1 Nxf2 26.Rxc2 Bxc2 27.Kxf2 Bxa4 28.Bf1 Rc8
29.e4 Kf8 30.Rc1 Rxc1 31.Bxc1 Bc2 32.Ke3 Nb6 33.Bd3 Bd1 34.Be2 Ba4 35.Bd2 Nc8
36.h4 f6 37.Ne1 Nb6 38.Bd3 g6 39.Nc2 Bxc2 40.Bxc2 Nc4+ 41.Kd3 Nxd2 42.Kxd2 h5
43.Ke3 Kf7 44.Kf3 f5 45.Bb3 Bd6 46.exf5 gxf5 47.Bc4 Kf6 48.Bb3 Bc7 49.d5 e5
50.Bd1 e4+ 51.Kg2 Ke5 52.Bxh5 Kxd5 53.Bg6 f4 54.gxf4 Bxf4 55.Kf2 e3+ 56.Ke2 Kc4
57.Be8 Kc5 58.h5 Bh6 59.Kd3  1/2-1/2

[Event "Acropolis Open"]
[Site "Athens GRE"]
[Date "2006.08.18"]
[Round "6"]
[White "Botsari,A"]
[Black "Skaperdas,K"]
[Result "1-0"]
[WhiteElo "2372"]
[BlackElo "2235"]

1.d4 d5 2.c4 c6 3.Nf3 Nf6 4.Nbd2 a6 5.g3 Bf5 6.Bg2 Nbd7 7.O-O e6 8.b3 Qb8
9.Bb2 Bd6 10.Nh4 Bg4 11.h3 Bh5 12.Qe1 Bg6 13.Nxg6 hxg6 14.e4 dxe4 15.Nxe4 Nxe4
16.Qxe4 Nf6 17.Qf3 Kf8 18.Rfe1 Kg8 19.Rad1 Qd8 20.d5 cxd5 21.cxd5 e5 22.Bxe5 Bxe5
23.Rxe5 Qd6 24.Qf4 Rd8 25.Rde1 Rh5 26.g4 Rxe5 27.Qxe5 Kf8 28.Qxd6+ Rxd6 29.g5 Ne8
30.f4 Rd7 31.Rc1 Ke7 32.Kf2 Nd6 33.a4 Nf5 34.Rc8 Rd8 35.Rxd8 Kxd8 36.Be4 Nd6
37.Bd3 a5 38.Ke3 Ke7 39.h4 b6 40.Kd4 Kf8 41.Kc3 Ke7 42.b4 axb4+ 43.Kxb4 Kd7
44.Bc2 Ke7 45.Bd3 Kd7 46.Bb1 Kd8 47.Bc2 Ke7 48.Kc3 Ne8 49.Kd4 Kd6 50.f5 f6
51.gxf6 Nxf6 52.fxg6 Nxd5 53.h5 Nf6 54.h6 gxh6 55.g7 Ke7 56.Bb3 h5 57.g8=Q Nxg8
58.Bxg8 Kd6 59.Bd5  1-0

[Event "6th Open"]
[Site "Velika Gorica CRO"]
[Date "2006.08.21"]
[Round "4"]
[White "Devcic,D"]
[Black "Martinovic,Sa"]
[Result "0-1"]
[WhiteElo "2287"]
[BlackElo "2367"]

1.d4 d5 2.Nf3 Nf6 3.c4 c6 4.Qc2 e6 5.g3 dxc4 6.Qxc4 b5 7.Qc2 Bb7 8.Bg5 Nbd7
9.Nbd2 Rc8 10.Bg2 c5 11.Bxf6 Nxf6 12.Qb3 a6 13.a4 Bd5 14.Qd3 c4 15.Qc2 Bb4
16.O-O O-O 17.axb5 axb5 18.e4 Ba8 19.e5 Nd5 20.Ne4 Be7 21.Ra7 Nb4 22.Qb1 Nc6
23.Rxe7 Nxe7 24.Nd6 Rb8 25.Ng5 Nf5 26.h4 h6 27.g4 Bxg2 28.gxf5 Bxf1 29.Qxf1 hxg5
30.Qg2 exf5 31.h5 g4 32.h6 Qg5 33.hxg7 Kxg7 34.Qd5 Qc1+ 35.Kg2 Qf4 36.Kf1 Qf3
37.Qxf3 gxf3 38.Nxf5+ Kh7 39.Nh4 b4 40.Nxf3 c3 41.bxc3 bxc3  0-1

[Event "Canadian Closed zt"]
[Site "Toronto CAN"]
[Date "2006.08.22"]
[Round "5"]
[White "Southam,D"]
[Black "Khassanov,M"]
[Result "1/2-1/2"]
[WhiteElo "2099"]
[BlackElo "2314"]

1.d4 d5 2.Nf3 Nf6 3.c4 c6 4.Nbd2 Bf5 5.g3 e6 6.Bg2 Nbd7 7.b3 h6 8.Bb2 Be7
9.O-O O-O 10.e3 Bd3 11.Re1 a5 12.Bf1 Bxf1 13.Kxf1 b5 14.e4 bxc4 15.bxc4 Qb6
16.Qc2 Qa6 17.Kg2 Bb4 18.a3 Bxd2 19.Nxd2 Nb6 20.Rac1 Rfe8 21.e5 Nfd7 22.c5 Nc8
23.f4 Ne7 24.g4 Nf8 25.Re3 Rab8 26.Rf1 g6 27.Rg3 Kh8 28.Bc1 Nh7 29.Rf2 f5
30.exf6 Nxf6 31.h3  1/2-1/2

[Event "VIII Open"]
[Site "Sants ESP"]
[Date "2006.08.25"]
[Round "1"]
[White "Parayre Soguero,J"]
[Black "Cuartas,Ja"]
[Result "0-1"]
[WhiteElo "2024"]
[BlackElo "2466"]

1.d4 d5 2.c4 c6 3.Nf3 Nf6 4.Qc2 g6 5.cxd5 cxd5 6.Nc3 Bg7 7.Bf4 Nc6 8.e3 O-O
9.a3 Bf5 10.Bd3 Bxd3 11.Qxd3 a6 12.h3 Na5 13.O-O Rc8 14.Nd2 Qd7 15.Rac1 e6
16.Rc2 Nc4 17.Rfc1 Rfe8 18.Be5 Qe7 19.e4 dxe4 20.Ncxe4 Nxe5 21.dxe5 Rxc2
22.Rxc2 Nd5 23.Nc4 Rd8 24.Qg3 Rc8 25.Ned6 Rc6 26.Ne3 Bxe5 27.Qxe5 Qxd6 28.Qxd6 Rxd6
29.Rc8+ Kg7 30.Nxd5 Rxd5 31.Rc7 b6 32.Rc6 Rb5 33.b4 a5 34.bxa5 bxa5 35.Ra6 h5
36.g4 hxg4 37.hxg4 Kh6 38.Ra7 f5 39.Ra6 Re5 40.gxf5 exf5 41.Kg2 Rc5 42.a4 Kg5
43.Kg3 f4+ 44.Kf3 Kf5 45.Ra8 Rc3+ 46.Kg2 Kg4  0-1

[Event "38th Atlantic Open"]
[Site "Washington DC USA"]
[Date "2006.08.27"]
[Round "4"]
[White "Formanek,E"]
[Black "Kaufman,La"]
[Result "0-1"]
[WhiteElo "2288"]
[BlackElo "2358"]

1.d4 d5 2.c4 c6 3.Nf3 Nf6 4.Qc2 dxc4 5.Qxc4 Bf5 6.Nc3 e6 7.Qb3 Qb6 8.Qxb6 axb6
9.Nh4 b5 10.Nxf5 exf5 11.e3 b4 12.Nb1 Nbd7 13.Nd2 Be7 14.Bc4 O-O 15.Ke2 c5
16.dxc5 Nxc5 17.Nb3 b5  0-1

[Event "Adolfo Pedrido Mem"]
[Site "Vilagarcia de Arousa ESP"]
[Date "2006.08.28"]
[Round "4"]
[White "Manolache,M"]
[Black "Nanu,C"]
[Result "1/2-1/2"]
[WhiteElo "2501"]
[BlackElo "2457"]

1.Nf3 Nf6 2.d4 d5 3.c4 c6 4.Qc2 Nbd7 5.cxd5 Nxd5 6.e4 N5b6 7.Nc3 g6 8.e5 Bg7
9.h4 Nf8 10.h5 Bf5 11.Qb3 gxh5 12.Rxh5 Qd7 13.Be3 Bg6 14.Rh4 O-O-O 15.Rc1 Kb8
16.Na4  1/2-1/2

[Event "TCh-Serbia"]
[Site "Zlatibor SCG"]
[Date "2006.08.30"]
[Round "5"]
[White "Jeremic,V"]
[Black "Pavlovic,Milo"]
[Result "1/2-1/2"]
[WhiteElo "2527"]
[BlackElo "2497"]

1.d4 Nf6 2.c4 c6 3.Nf3 d5 4.Nbd2 Bf5 5.g3 e6 6.Nh4 Be4 7.f3 Bg6 8.Nxg6 hxg6
9.Bg2 c5 10.dxc5 Bxc5 11.Nb3 Qb6 12.Nxc5 Qxc5 13.cxd5 Nxd5 14.Qb3 Nc6 15.e3 Rd8
16.a3 O-O 17.Bf1 Na5 18.Qb5 Qxb5 19.Bxb5 Nb3 20.Rb1 Rc8 21.e4 Nxc1 22.exd5 exd5
23.Ba4 Nd3+ 24.Ke2 Nc5 25.Bd1 Nd7 26.Kd2 Ne5 27.b3 Rfe8 28.Be2 Rc7 29.f4 Nc6
30.Rbe1 Nd4 31.Bd1 Rec8 32.Re3 Nb5 33.a4 Nd6 34.Rhe1 Ne4+ 35.Kd3 Rc1 36.Kd4 R8c5
37.g4 Kf8 38.f5 gxf5 39.gxf5 a5 40.Bf3 Ke7 41.Bxe4 dxe4 42.Rxe4+ Kf6 43.Re7  1/2-1/2

[Event "TCh-Serbia"]
[Site "Zlatibor SCG"]
[Date "2006.09.01"]
[Round "7"]
[White "Lajthajm,B"]
[Black "Nadj Hedjesi,B"]
[Result "1-0"]
[WhiteElo "2507"]
[BlackElo "2311"]

1.d4 d5 2.c4 c6 3.Nf3 Nf6 4.Qc2 g6 5.g3 Bg7 6.Bg2 O-O 7.O-O dxc4 8.Qxc4 Be6
9.Qb4 Nd5 10.Qxb7 Nb6 11.Bf4 N8d7 12.Nc3 c5 13.d5 Bg4 14.Rac1 Nf6 15.Ne5 Bc8
16.Qc6 c4 17.Qc5 Nfd7 18.Nxd7 Bxd7 19.Bc7 Qc8 20.d6 exd6 21.Qxd6 Re8 22.Bxb6 Bh3
23.Be3  1-0

[Event "TCh-Serbia"]
[Site "Zlatibor SCG"]
[Date "2006.09.01"]
[Round "7"]
[White "Benkovic,P"]
[Black "Solak,D"]
[Result "0-1"]
[WhiteElo "2431"]
[BlackElo "2564"]

1.d4 d5 2.c4 c6 3.Nf3 Nf6 4.Nbd2 Bf5 5.Nh4 Bg6 6.Qb3 Qc7 7.Qh3 Qd7 8.Qxd7+ Nbxd7
9.Nxg6 hxg6 10.cxd5 cxd5 11.Nf3 e5 12.dxe5 Bb4+ 13.Bd2 Bxd2+ 14.Nxd2 Nxe5
15.Nf3 Nxf3+ 16.gxf3 Rc8 17.Kd2 Ke7 18.Rc1 Rxc1 19.Kxc1 g5 20.Kd2 Nd7 21.Bg2 Kd6
22.h3 Ne5 23.Rb1 f5 24.e3 f4 25.b3 Rf8 26.Ke2 Rc8 27.Kd2 Rf8 28.Ke2 Rc8 29.Kd2 a5
30.Rg1 Ke7 31.h4 gxh4 32.exf4 Ng6 33.Bh3 Rc6 34.Rg4 Kf6 35.f5 Ne5 36.Ra4 Nxf3+
37.Kd1 Ng5 38.Rxh4 Nxh3 39.Rxh3 Kxf5 40.Rf3+ Ke6 41.Rg3 Kf6 42.Rf3+ Ke7 43.Rg3 g6
44.Rg5 Rd6 45.Kd2 Kd7 46.Kd3 Kc6 47.Kd4 b5 48.a4 Rf6 49.axb5+ Kxb5 50.Rxd5+ Kb4
51.Ke3 Rc6 52.Rg5 Ra6 53.Kd3 Kxb3 54.Rb5+ Ka4 55.Rg5 Kb3 56.Rb5+ Ka4 57.Rg5 Kb4
58.f4 a4 59.Kc2 a3 60.Kb1 Rf6 61.Ka2 Kc4 62.Kxa3 Kd4 63.Kb4 Ke4 64.Rg1 Kxf4
65.Rf1+ Ke5 66.Re1+ Kf5 67.Rf1+ Ke6 68.Re1+ Kf7 69.Rg1 Rf3 70.Kc4 Kf6 71.Kd4 Kf5
72.Ra1 g5 73.Ra8 Kf4 74.Rf8+ Kg3 75.Rg8 g4 76.Ke4 Rf7 77.Ke3 Re7+ 78.Kd2 Kf3
79.Rf8+ Kg2 80.Rh8 g3 81.Rg8 Kf2 82.Rf8+ Kg1 83.Rg8 g2 84.Rh8 Re5 85.Rh7 Kf2
86.Rf7+ Kg3 87.Rg7+ Kh3 88.Rh7+ Kg4 89.Rg7+ Rg5  0-1

[Event "5th Open"]
[Site "Istanbul TUR"]
[Date "2006.09.06"]
[Round "8"]
[White "Gurevich,M"]
[Black "Vysochin,S"]
[Result "1-0"]
[WhiteElo "2643"]
[BlackElo "2555"]

1.d4 d5 2.c4 c6 3.Nf3 Nf6 4.Qb3 dxc4 5.Qxc4 Bg4 6.Nc3 Nbd7 7.e4 Bxf3 8.gxf3 e5
9.Be3 exd4 10.Bxd4 Bd6 11.Rg1 O-O 12.O-O-O Qc7 13.Bh3 Ne5 14.Qf1 Nh5 15.Bf5 Ng6
16.Kb1 Rfd8 17.Qc4 Be5 18.Bxg6 hxg6 19.Be3 Rxd1+ 20.Rxd1 Bxh2 21.Qd3 Be5
22.Ne2 Nf4 23.Nxf4 Bxf4 24.Qd7 b6 25.Bxf4 Qxf4 26.Qxc6 Rf8 27.Qc3 Qh4 28.Qd4 Qh5
29.Qe3 Rc8 30.a3 Qb5 31.f4 Qc6 32.Rd4 Re8 33.Qd3 Qf6 34.Qd2 Qh4 35.Ka2 Qg4
36.Qe3 Qe6+ 37.Ka1 Rc8 38.Kb1 Re8 39.f3 Rc8 40.Qd3 Qf6 41.Qd2 Qh4 42.Ka2 Qh3
43.Rd3 Qe6+ 44.Kb1 Qc4 45.Qd1 Qc7 46.Rd6 Qc5 47.Rd7 Qe3 48.Rxf7 a5 49.Rxg7+ Kxg7
50.Qd7+ Kh6 51.Qxc8 Qxf4 52.Qc1 Kg5 53.e5 Qxc1+ 54.Kxc1 Kf5 55.f4 g5 56.e6 Kxe6
57.fxg5 Kf5 58.Kc2 Kxg5 59.Kc3 Kf5 60.Kc4  1-0

[Event "TCh-ESP Honor Gp1"]
[Site "Olite ESP"]
[Date "2006.09.09"]
[Round "4"]
[White "Cacho Reigadas,S"]
[Black "Lopez Martinez,J"]
[Result "1/2-1/2"]
[WhiteElo "2476"]
[BlackElo "2480"]

1.d4 Nf6 2.Nf3 d5 3.c4 c6 4.Qc2 g6 5.Bf4 Bg7 6.e3 O-O 7.Nc3 c5 8.dxc5 Qa5
9.Nd2 Qxc5 10.Rc1 Be6 11.Nb3 Qb6 12.c5 Qd8 13.Be2 Nc6 14.O-O Bf5 15.Qd1 e5
16.Bg5 d4 17.exd4 exd4 18.Nb5 h6 19.Bf4 Ne4 20.f3 Ng5 21.Bd6 Qf6 22.Qd2 Rfd8
23.Nc7 d3 24.Bxd3 Rac8 25.Nd5 Qxb2 26.Rc2 Qa3 27.Bxf5 gxf5 28.Qf4 Ne6 29.Qg3 Kh8
30.Rd1 Qa4 31.Rcd2 Re8 32.Kh1 Ng5 33.Nf4 Ne6 34.Nh5 Rg8 35.Nxg7 Rxg7 36.Qh3 Rg6
37.Qxf5 Kg8 38.Bg3 Rf8 39.Bd6 Rd8 40.h3 Qh4 41.Qe4 Qxe4 42.fxe4 Ng5 43.Re1 Re6
44.Nd4 Rxe4 45.Rxe4 Nxe4 46.Nxc6 bxc6 47.Rd4 Nxd6 48.cxd6 Rd7 49.Ra4 f6 50.Ra6 c5
51.Rc6 Kf7 52.Rxc5 Ke6 53.Ra5 Kxd6 54.Kh2 Ke6 55.Kg3 Kf7 56.h4 h5 57.Kf4 Kg6
58.g3 Rc7 59.Ra4 Re7 60.Ra6  1/2-1/2

[Event "TCh-ESP Honor Gp1"]
[Site "Olite ESP"]
[Date "2006.09.10"]
[Round "5"]
[White "Rustemov,A"]
[Black "Franco Ocampos,Z"]
[Result "1-0"]
[WhiteElo "2565"]
[BlackElo "2525"]

1.d4 d5 2.c4 c6 3.Nf3 Nf6 4.Qc2 g6 5.Bf4 dxc4 6.Qxc4 Bg7 7.e3 O-O 8.Nbd2 Na6
9.Qc1 Qa5 10.a3 c5 11.dxc5 Qxc5 12.Bxa6 Qxc1+ 13.Rxc1 bxa6 14.Be5 Bd7 15.O-O Rfc8
16.Nb3 Bb5 17.Rfe1 Nd7 18.Bxg7 Kxg7 19.Nfd2 Nb6 20.Na5 Na4 21.b3 Nb2 22.Nf3 Nd3
23.Rxc8 Rxc8 24.Ra1 e5 25.h3 Rc2 26.Ne1 Nxe1 27.Rxe1 e4 28.Ra1 Kf6 29.b4 Ke5
30.Nb3 Kd5 31.a4 Bd3 32.b5 Rc3 33.Nd4 Kc5 34.bxa6 Kb6 35.Ra2 Kxa6 36.Kh2 Ka5
37.Nb5 Bxb5 38.axb5+ Kb6 39.Ra6+ Kb7 40.Rf6 Rc5 41.Rxf7+ Kb6 42.Rxh7 Rxb5
43.Rh6 a5 44.Rxg6+ Kb7 45.Rd6 a4 46.Rd4 Ra5 47.Rxe4 a3 48.Rb4+ Kc6 49.Rb1 a2
50.Ra1 Kd5 51.g4 Ke4 52.Kg3 Ra8 53.h4 Ra5 54.h5 Ra6 55.g5 Kf5 56.f4 Ra3 57.Kf3  1-0

[Event "5th Open"]
[Site "Izmir TUR"]
[Date "2006.09.13"]
[Round "4"]
[White "Miroshnichenko,E"]
[Black "Bojkov,D"]
[Result "1/2-1/2"]
[WhiteElo "2616"]
[BlackElo "2445"]

1.d4 d5 2.c4 c6 3.Nf3 Nf6 4.Qc2 e6 5.Nbd2 Be7 6.g3 O-O 7.Bg2 Nbd7 8.O-O b6
9.e4 dxe4 10.Nxe4 Nxe4 11.Qxe4 Bb7 12.Rd1 Qc8 13.Bf4 Re8 14.Qc2 c5 15.d5 exd5
16.cxd5 Bf6 17.Ng5 Bxg5 18.Bxg5 Nf8 19.a4 Qg4 20.Be3 a5 21.Qb3 Nd7 22.Bf4 Ba6
23.Re1 Be2 24.Qc2 Bf3 25.Qd3 Bxg2 26.Kxg2 Nf6 27.Qb5 Qf5 28.Qxb6 Nxd5 29.Qd6 Nxf4+  1/2-1/2

[Event "ch-EU"]
[Site "Liverpool ENG"]
[Date "2006.09.13"]
[Round "8"]
[White "Gyimesi,Z"]
[Black "Pert,N"]
[Result "1/2-1/2"]
[WhiteElo "2616"]
[BlackElo "2503"]

1.d4 d5 2.c4 c6 3.Nf3 Nf6 4.Qb3 dxc4 5.Qxc4 Bf5 6.g3 e6 7.Bg2 Nbd7 8.O-O Be7
9.Nc3 O-O 10.Re1 Ne4 11.Qb3 Qb6 12.Nh4 Bxh4 13.gxh4 Qxb3 14.axb3 Nef6 15.e4 Bg6
16.Bf4 Rfd8 17.Ra5 h6 18.Rea1 a6 19.d5 cxd5 20.exd5 exd5 21.Nxd5 Be4 22.Bxe4 Nxe4
23.b4 Nef6 24.Ne7+ Kh7 25.b5 Nc5 26.R5a3 Nd3 27.Bg3 Nxb2 28.bxa6 bxa6 29.Rxa6 Rxa6
30.Rxa6 Nd3 31.Nc6 Rd7 32.Ne5 Nxe5 33.Bxe5 Nd5 34.Kg2 f6 35.Bg3 Kg6 36.Ra5 Ne7
37.Kh3 Rd5 38.Ra7 Nf5 39.Kg4 Rd4+ 40.Kh3 Rd5 41.Kg4 Rd4+ 42.Kh3 Rd1 43.Kg4 h5+
44.Kh3 Rg1 45.Ra5 Nd4 46.Rd5 Ne6 47.Ra5 Nd4 48.Rd5 Ne6 49.Ra5 f5 50.Ra6 Kf7
51.Ra7+ Kf6 52.Ra6 Rc1 53.Ra4 Rg1 54.Ra6 Rd1 55.Ra4 Rd4 56.Rxd4 Nxd4 57.Bb8 Ne2
58.Kg2 Nc3 59.Kf3 Nd5 60.Ke2 Ke6 61.Kf3 Kd7 62.Be5 g6 63.Ke2 Kc6 64.Kd3 Kd7
65.Kd4 Ke6 66.Bb8 Nf6 67.Bc7 Ng4 68.Bg3 f4 69.Bxf4 Nxf2 70.Bg3 Ng4  1/2-1/2

[Event "EU-chG16"]
[Site "Herceg Novi MNE"]
[Date "2006.09.14"]
[Round "5"]
[White "Sadykova,A"]
[Black "Dudas,E"]
[Result "1/2-1/2"]
[WhiteElo "2127"]
[BlackElo "2059"]

1.d4 d5 2.c4 c6 3.Nf3 Nf6 4.Qb3 dxc4 5.Qxc4 Bf5 6.Bf4 Nbd7 7.e3 e6 8.Qb3 Bxb1
9.Rxb1 Qa5+ 10.Kd1 Nb6 11.Bd3 Be7 12.Ke2 O-O 13.Rhd1 Rfd8 14.Kf1 Rac8 15.Kg1 c5
16.dxc5 Qxc5 17.h3 h6 18.e4 Qb4 19.Qxb4 Bxb4 20.Kf1 Na4 21.Ne5 Nc5 22.a3 Nxd3
23.Nxd3 Ba5 24.f3 Bb6 25.Ke2 Kf8 26.Rbc1 Ke7 27.b4 Bd4 28.Bc7 Rg8 29.a4 Ne8
30.Be5 Rxc1 31.Rxc1 Bxe5 32.Nxe5 f6 33.Ng6+ Kd7 34.Nf4 Nd6 35.Kd3 Rd8 36.Rc5 Ke7
37.Ke3 Rd7 38.Nd3 Kf7 39.f4 Ke7 40.g4 g5 41.fxg5 hxg5 42.Rc3 e5 43.Rc5  1/2-1/2

[Event "5th Open"]
[Site "Izmir TUR"]
[Date "2006.09.14"]
[Round "5"]
[White "Annageldyev,O"]
[Black "Vasilev,M"]
[Result "0-1"]
[WhiteElo "2486"]
[BlackElo "2429"]

1.Nf3 d5 2.d4 c6 3.c4 dxc4 4.e3 Be6 5.Nc3 b5 6.a4 b4 7.Ne4 Nf6 8.Nc5 Bd5
9.Qc2 e6 10.Bxc4 Bxc5 11.dxc5 Qa5 12.Bxd5 cxd5 13.Nd4 O-O 14.Bd2 Na6 15.c6 e5
16.Nb5 Ne4 17.O-O Nac5 18.Rfd1 a6 19.Bxb4 Qxb4 20.Nc7 d4 21.exd4 exd4 22.Nxa8 Rxa8
23.Qe2 Rc8 24.Rac1 d3 25.Qe3 d2 26.Ra1 Nb3 27.Ra3 Nec5 28.h3 Qc4 29.Kh2 Qe6
30.Qg3 Rxc6  0-1

[Event "5th Open"]
[Site "Izmir TUR"]
[Date "2006.09.14"]
[Round "5"]
[White "Valansi,A"]
[Black "Olgag,K"]
[Result "1-0"]
[WhiteElo "2123"]
[BlackElo "2190"]

1.d4 Nf6 2.Nf3 d5 3.c4 c6 4.Qb3 e6 5.g3 Be7 6.Nbd2 O-O 7.Bg2 Nbd7 8.O-O Re8
9.Re1 dxc4 10.Nxc4 Nb6 11.Nce5 Qd5 12.Qc2 Qe4 13.Nd3 Qd5 14.b3 Bd6 15.Bb2 a5
16.a4 Qh5 17.e4 Bb4 18.Re2 g5 19.h3 Qg6 20.Nfe5 Qg7 21.Nxb4 axb4 22.Qd2 Nfd7
23.Nf3 f6 24.a5 c5 25.axb6 Rxa1+ 26.Bxa1 Qe7 27.Qc2 h5 28.dxc5 Qxc5 29.e5 Qxc2
30.Rxc2 Nxb6 31.exf6 g4 32.hxg4 hxg4 33.Ne5 Rd8 34.Bb2 Nd5  1-0